000 00671cab a2200205 4500
001 X3805
008 090401t1996 xxu||||| |||| 00| 0 eng d
035 _a(Sirsi) u32980
041 _aeng
100 _aWyatt, P.
245 _aHow property can benefit from the information superhighway
260 _c1996
350 _a0
490 _aCSM (Chartered Surveyor Monthly)
_v6(2) October 1996, 21(1)
520 _aReviews a briefing that examined the opportunities given to chartered surveyors by information technology.
650 _aINFORMATION SUPERHIGHWAY
690 _aMANAGEMENT-BUSINESS MANAGEMENT-INFORMATION MANAGEMENT
942 _n0
948 _c04/03/1997
999 _c22037
_d22037